000 00477nam a2200169 4500
003 SEACOMEC
005 20241218122703.0
008 241218b |||||||| |||| 00| 0 eng d
020 _a978-8120307773
_c180.00
040 _aSEACOMEC
082 _a006.3
_bP317
100 _a Patterson, Dan W.
245 _aIntroduction to Artificial Intelligence and Expert Systems
_c/ Dan W. Patterson
260 _aDelhi :
_bPearson Education India,
_c2007
300 _a464 p
942 _cBOOK
999 _c1891
_d1891